| 000 | 00526 a2200145 4500 | ||
|---|---|---|---|
| 020 | _a0470010800 | ||
| 040 |
_aDLC _bDLC |
||
| 100 | 1 | _aHarrison, Paul | |
| 245 | 1 | 0 |
_aQuantum wells, wires and dots : theoretical and computational physics of semiconductor nanostructures _btheoretical and computational physics of semiconductor nanostructures _cPaul Harrison |
| 250 | _a2. ed. | ||
| 260 |
_aChichester : _bWiley-Interscience, _c2005 |
||
| 300 |
_a482 s. : _bill. |
||
| 650 | 7 | _aQuantum electronics | |
| 942 |
_cBK _k537.6226 HAR _2ddc |
||
| 999 |
_c8956 _d8956 |
||